| 000 | 00501nam a22001577a 4500 | ||
|---|---|---|---|
| 008 | 160507b xxu||||| |||| 00| 0 eng d | ||
| 020 | _a9710862170 | ||
| 082 |
_22002 _aDFil 515 _bC73 |
||
| 100 |
_97758 _aComandante, Felipe L., Jr. |
||
| 245 |
_aCalculus for business and economics/ _cFelipe L. Comandante, Jr. |
||
| 250 | _aSecond Edition | ||
| 260 |
_aMandaluyong City: _bNational Book Store, _cc2002. |
||
| 300 |
_a336 pages: _billustrations; _c24 cm. |
||
| 650 | 0 |
_97756 _aCalculus |
|
| 942 |
_2ddc _cDFIL |
||
| 999 |
_c2363 _d2363 |
||